| 000 | 00852nam a2200277 a 4500 | ||
|---|---|---|---|
| 008 | |||
| 020 | _a9780241182291 (hardback) | ||
| 040 |
_aNUST _cNUST |
||
| 049 | _aMAIN | ||
| 090 |
_aHM585 _bSOC |
||
| 245 | 1 | 0 |
_aThe Sociology book/ _cedited by Alexandra Beeden & Miezan van Zyl. |
| 260 |
_aLondon : _bDorling Kindersley, _c2015. |
||
| 300 |
_a352 pages : _billustrations (chiefly colour) ; _c25 cm. |
||
| 336 |
_atext _btxt _2rdacontent |
||
| 337 |
_aunmediated _bn _2rdamedia |
||
| 338 |
_avolume _bnc _2rdacarrier |
||
| 500 | _aIncludes index. | ||
| 650 | 1 | _aSociology. | |
| 650 | _aSociologists. | ||
| 700 |
_aBeeden, Alexandra., _aeditor. |
||
| 700 |
_aZyl, Miezan van., _aeditor. |
||
| 907 |
_a.b10409658 _b21-09-21 _c21-09-21 |
||
| 003 | |||
| 005 | 20230123141222.0 | ||
| 942 |
_cBOOKS _kHM585 _mSOC |
||
| 999 |
_c169711 _d169711 |
||